| 000 | 00756nam a2200205 u 4500 | ||
|---|---|---|---|
| 005 | 20210223133705.0 | ||
| 008 | 181105s2015 r 000 0 eng d | ||
| 035 | _aUPN01000227560 | ||
| 049 | _aCG | ||
| 050 | 4 |
_aZ675 U5 _bD5.2 |
|
| 245 | 0 | 0 |
_aDiagnóstico de las bibliotecas de instituciones de educación superior e investigación afiliadas al CONPAB-IES, 1993-2013 / _ced. José Alfredo Verdugo Sánchez. |
| 260 |
_aLa Paz : _bUABCS : _bCONPAB/IES, _c2015. |
||
| 300 |
_a79 p. : _bcuadros |
||
| 440 | 0 | _aNormatividad | |
| 650 | 4 |
_aBIBLIOTECAS UNIVERSITARIAS - _vEVALUACION _93068 |
|
| 650 | 4 |
_aBIBLIOTECAS UNIVERSITARIAS - _zMEXICO - _xADMINISTRACION _93069 |
|
| 700 | 1 |
_aVerdugo Sánchez, José Alfredo, _eed. |
|
| 905 | _aLibro | ||
| 999 |
_c199655 _d199655 |
||